| 000 | 01916nam a2200289 a 4500 | ||
|---|---|---|---|
| 001 | 78064 | ||
| 003 | BD-RjUL | ||
| 005 | 20211209083102.0 | ||
| 008 | 210314s2003 bg |||| m||| 00| 0 Ara d | ||
| 035 | _a(BD-RjUL)78290 | ||
| 040 |
_aBD-RjUL _bben /eng _cBD-RjUL _dBD-RjUL |
||
| 041 | _aara | ||
| 082 |
_a892.7309 _bISA 2003 _223 |
||
| 100 |
_aইসলাম, মো. রবিউল _9246346 |
||
| 245 | 1 | 0 |
_aআল-আনাসির আল-রাইসীয়া ফী রিওয়াতি জুরজী যায়দান =জুরজী যায়দানের উপন্যাসের মূল উপাদান সমূহ / _cইসলাম, মো. রবিউল ; _6তত্ত্বাবধায়ক: এ. কে. এম. শামসুল আলম |
| 246 | _aAl-Anasir Al-Raisia fe rewati zurzi jaidan / Md. Robiul Islam | ||
| 260 |
_aরাজশাহী : _bআরবী বিভাগ, রাজশাহী বিশ্ববিদ্যালয়, _c২০০৩ |
||
| 300 |
_a[১০], ২০১ পাতা : _bচিত্র ; _c২৯ সেমি. |
||
| 500 | _a"মূল পাঠ আরবী ভাষায়" | ||
| 500 | _a"বিবলিওগ্রাফিক তথ্য বাংলা ও আরবী ভাষায় দেয়া আছে" । | ||
| 502 | _aথিসিস (পিএইচ. ডি.) -- আরবী স্টাডিজ বিভাগ, রাজশাহী বিশ্ববিদ্যালয়, ২০০৩ | ||
| 504 | _aগ্রন্থপঞ্জী : পাতা [১৭০]-১৭৫ | ||
| 650 |
_aআরবী উপন্যাস _xইতিহাস ও সমালোচনা _9246347 |
||
| 650 |
_aArabic Fiction _xHistory and Criticism _9246348 |
||
| 700 |
_aআলম, এ. কে. এম. শামসুল, তত্ত্বাবধায়ক _9246349 |
||
| 942 |
_2ddc _cTHE |
||
| 999 |
_c78064 _d78064 |
||